| 000 | 00538 a2200157 4500 | ||
|---|---|---|---|
| 999 |
_c5791 _d5791 |
||
| 020 | _a0132558785 | ||
| 050 | 0 | 0 | _aTK 5103.485 RIC 1965 |
| 100 | 1 |
_aRicci, Fred J. _eauthor |
|
| 245 | 1 | 0 |
_aPersonal communications systems applications / _cFred J. Ricci |
| 264 |
_aNew York: _bPrentice Hall, _c1965 |
||
| 300 |
_a279 p. : _bill. |
||
| 500 | _aIncludes bibliographical references and index | ||
| 504 | _aIncludes bibliographical references and index | ||
| 650 | 0 | _aPersonal communication service systems. | |
| 942 |
_2lcc _cBK _h5103.485 _i RIC _kTK |
||